LEADER 01470nam0 22003251i 450 001 UON00100139 005 20231205102549.280 100 $a20020107g18981907 |0itac50 ba 101 $ager$aLAT 102 $aDE 105 $a|||| ||||| 200 1 $aOpera quae exstant omnia$fClaudii Ptolemaei$geditit J. L. Heiberg 205 $aLipsiae : Teubner$b1898-1903 210 $a3 v.$a17 cm 215 $a1.: Syntaxis Mathematica 517 1$3UON00373083$aSyntaxis Mathematica 517 1$3UON00373084$aOpera Astronomica Minora 620 $aDE$dLeipzig$3UONL003218 700 1$aPTOLEMAEUS$bClaudius$3UONV008046$0190158 702 1$aHEIBERG$bJ. L.$3UONV064953 712 $aTeubner$3UONV251149$4650 790 0$aTOLOMEO$zPTOLEMAEUS, Claudius$3UONV008047 790 1$aTOLOMEO, Claudio$zPTOLEMAEUS, Claudius$3UONV061577 801 $aIT$bSOL$c20240220$gRICA 912 $aUON00100139 950 $aSIBA - SISTEMA BIBLIOTECARIO DI ATENEO$dSI T 1 PTOL 0001 01.1 $eSI MC 5849 5 01.1 950 $aSIBA - SISTEMA BIBLIOTECARIO DI ATENEO$dSI T 1 PTOL 0001 02 $eSI MC 5851 5 02 950 $aSIBA - SISTEMA BIBLIOTECARIO DI ATENEO$dSI T 1 PTOL 0001 01.2 $eSI MC 27897 5 01.2 996 $aOpera quae exstant omnia$91310142 997 $aUNIOR